| 000 | 00000nam##2200000za#4500 |
| 001 | 9.602658 |
| 003 | CaOODSP |
| 005 | 20210624210700 |
| 007 | cr ||||||||||| |
| 008 | 150406|2000||||xxc|||||o f|0| 0 fre|d |
| 040 | |aCaOODSP|bfre |
| 043 | |an-cn--- |
| 086 | 1 |aNH18-22/100-124F-PDF |
| 110 | 2 |aSociété canadienne d'hypothèques et de logement. |
| 245 | 10|aRéparations de béton efficientes : |h[ressource électronique]|brecherche, investigation, analyse et mise en oeuvre |
| 260 | |aOttawa - Ontario : |bSociété canadienne d'hypothèques et de logement |c[2000]. |
| 300 | |a4p.|btableau |
| 490 | 1 |aLe point en recherche. Série technique|v00-124 |
| 590 | |a11-29-Supp|b2011-11-25 |
| 691 | 07|aÉvaluation|2gcpds |
| 691 | 07|aIndustrie de la construction|2gcpds |
| 775 | 08|tCost-effective concrete repair : |w(CaOODSP)9.572280 |
| 776 | 0#|tRéparations de bétons efficientes : |w(CaOODSP)9.625753 |
| 830 | #0|aLe point en recherche. Série technique ;|v00-124|w(CaOODSP)9.501067 |
| 856 | 40|ahttp://publications.gc.ca|qPDF|s112 Ko|uhttps://publications.gc.ca/collections/Collection/NH18-22-100-124F.pdf|y00-124 |